Sports Quiz

Random Sports or MLB Quiz
Score 0/56 Timer 10:00
1 Play Today
% Correct
Reds
87.5%
Braves
87.2%
Dodgers
82.9%
Yankees
80.7%
Yankees
80.6%
Braves
77.6%
Indians
77%
Mariners
77%
Mets
76.8%
Dodgers
76.5%
Yankees
75.9%
Mariners
75%
Pirates
74%
Blue Jays
72.4%
Giants
71.1%
Padres
70.7%
Giants
70.7%
Mets
70.5%
Indians
70%
Cubs
69.1%
Diamondbacks
68.6%
Padres
68.2%
Dodgers
68.1%
Yankees
67%
A's
67%
A's
66.7%
Cubs
66.5%
Mets
65.6%
% Correct
Dodgers
65%
Giants
64.3%
Astros
63.8%
Padres
63.8%
Blue Jays
63.4%
White Sox
62.7%
Mets
62%
Mariners
61.7%
Dodgers
60.6%
Marlins
60.3%
Marlins
60.2%
Padres
59.8%
White Sox
59.8%
Braves
59.6%
Padres
59.2%
Expos
57.3%
White Sox
56.6%
Padres
55.6%
Orioles
52.5%
Astros
52.2%
Diamondbacks
51.6%
Pirates
51.3%
Tigers
46.7%
Rangers
46%
Phillies
45.5%
Brewers
43.4%
Red Sox
43.2%
Angels
39%
Remove Ads.
Support Sporcle.
Get the best of Sporcle when you Go Orange. This ad-free experience offers more features, more stats, and more fun while also helping to support Sporcle. Thank you for becoming a member.

You're not logged in!

Compare scores with friends on all Sporcle quizzes.
OR
Log In

Show Comments

Extras

Top Quizzes Today


Score Distribution

Your Account Isn't Verified!

In order to create a playlist on Sporcle, you need to verify the email address you used during registration. Go to your Sporcle Settings to finish the process.

Report this User

Report this user for behavior that violates our Community Guidelines.

Details: